All Pokémon with Anger Point - Statistics

General Stats
  • This quiz has been taken 14 times
  • The average score is 9 of 12
Answer Stats
(Avail)ability Pokémon % Correct
Hidden Ability Krokorok
82%
Hidden Ability Krookodile
82%
Second Ability Mankey
82%
Second Ability Paldean Tauros (Aqua Breed)
82%
Second Ability Paldean Tauros (Blaze Breed)
82%
Second Ability Paldean Tauros (Combat Breed)
82%
Second Ability Primeape
82%
Hidden Ability Sandile
82%
Second Ability Tauros
82%
Hidden Ability Crabominable
45%
Hidden Ability Crabrawler
45%
Hidden Ability Camerupt
27%
No matching quizzes found
Score Distribution
Percent of People with Each Score
Percentile by Number Answered
Your Score History
You have not taken this quiz